Statistics for Topological Map of Africa Quiz

Click here to take the quiz!

General Stats

  • This quiz has been taken 6,573 times
  • The average score is 35 of 48

Answers on the Map

Answers color-coded by a green-red scale on the quiz's map according to % correct below.
 

Answer Stats

Answer% Correct
Egypt
94%
Algeria
87%
Tunisia
86%
Libya
84%
Morocco
84%
South Africa
82%
Lesotho
80%
Eswatini
79%
Sudan
79%
Mozambique
78%
Gambia
77%
Mauritania
77%
Senegal
77%
Angola
76%
Burundi
76%
D. R. Congo
76%
Namibia
76%
Rwanda
76%
Somalia
76%
Tanzania
76%
Kenya
75%
Malawi
75%
Djibouti
74%
Mali
74%
Uganda
74%
Botswana
73%
Ethiopia
73%
Zambia
73%
Eritrea
71%
Zimbabwe
70%
Liberia
68%
South Sudan
68%
Cameroon
67%
Chad
67%
Guinea
67%
Guinea-Bissau
67%
Gabon
66%
Nigeria
66%
Niger
65%
Central African Rep.
64%
Equatorial Guinea
64%
Ivory Coast
64%
Burkina Faso
63%
Togo
63%
Ghana
62%
Rep. of the Congo
62%
Sierra Leone
62%
Benin
58%

Score Distribution

Percentile by Number Answered

Percent of People with Each Score

Your Score History

You have not taken this quiz